|
|
|
|
| LEADER |
00725cam a2200205 7i4500 |
| 001 |
0000025290 |
| 005 |
20210106090000.0 |
| 020 |
|
|
|a 9780803614031
|
| 020 |
|
|
|a 0803614039 (pbk.)
|
| 090 |
0 |
0 |
|a RJ247
|b .S68 2006
|
| 245 |
0 |
0 |
|a School nursing :
|b a comprehensive text
|c Janice Selekman, editor.
|
| 260 |
|
|
|a Philadelphia:
|b F.A. Davis Co.,
|c 2006.
|
| 300 |
|
|
|a xxvi, 1181 p.:
|b ill.;
|c 28 cm.
|
| 650 |
0 |
0 |
|a School Nursing
|
| 700 |
1 |
|
|a Selekman, Janice
|
| 997 |
|
|
|a Engineering & Life Sciences, Faculty
|b Science & Biotechnology, Department
|
| 997 |
|
|
|a Health Sciences, Faculty
|
| 998 |
|
|
|a Biotechnology, Degree
|
| 998 |
|
|
|a Biotechnology & Life Sciences, Diploma
|
| 999 |
|
|
|a 0000025218
|b BOK
|c OPEN SHELF
|e 2nd Floor, Bestari Jaya
|